| 000 | 00918nac a22003017a 4500 | ||
|---|---|---|---|
| 001 | BR9400253 | ||
| 003 | BR-BrBNA | ||
| 005 | 20240105121511.0 | ||
| 008 | 230509b bl.|||m| |||| 00| 0 por d | ||
| 040 |
_aBR-BrBNA _bpor _cBiblioteca Nacional de Agricultura |
||
| 072 | _aF01 | ||
| 090 | _a1910 BR9400253 | ||
| 100 | 1 | _aMachado, M.L. da S. | |
| 100 | 1 | _aMachado, N.M. | |
| 100 | 1 | _aNagornny, J. | |
| 100 | 1 | _aSouza, G.F. de | |
| 110 | 1 | _aFundacao Instituto Agronomico do Parana, Londrina (Brasil) | |
| 245 | 1 | _aForrageiras para o primeiro planalto do Parana | |
| 260 | 3 |
_aLondrina, PR (Brasil): _c1982. |
|
| 300 | _a55 p. | ||
| 490 |
_aCircular - Fundacao Instituto Agronomico do Parana (Brazil) _vno. 26 _xISSN 0100-3356 |
||
| 650 | _aPlanta Forrageira | ||
| 650 | _aAdubacao | ||
| 650 | _aSilagem | ||
| 650 | _aParana | ||
| 909 |
_a202312 _bLúcia Elande _c55 _dLúcia Elande |
||
| 942 |
_2AGRIS _n0 _cMS |
||
| 999 |
_c285655 _d285655 |
||